=LDR 00000nam 2200000 4500 =001 INLIS000000000054604 =005 20200225012530 =035 ##$$a 0010-0220000166 =007 ta =008 200225################g##########0#ind## =020 ##$$a 979-26-1803-1 =082 ##$$a 158.1 =084 ##$$a 158.1 Jal a =100 #$$a Jali Hedrowo =245 1#$$a Anakku calom entreprenieur sukses /$c Jali Hedrowo =260 ##$$a Yogyakarta :$b Citra Media,$c 2010 =300 ##$$a 114 hlm. ; $c 20 x 13 cm. =650 #4$$a Sukses =990 ##$$a 51300008